Famous Canadians - Statistics

General Stats
  • This quiz has been taken 23 times
  • The average score is 4 of 11
Answer Stats
Hint Answer % Correct
Comedian starring in Shrek and Austin Powers Mike Myers
80%
Singer of 'My Heart Will Go On' Celine Dion
75%
The current Prime Minister Justin Trudeau
75%
Comedic actor who starred in 'Yes Man' and 'Kick Ass 2' Jim Carrey
50%
Post Impressionist artist inspired by the indigenous peoples Emily Carr
40%
Sports Coach credited with inventing the sport of Basketball James Naismith
35%
Mutant from the 'X-Men' Series' with Adamantium Claws The Wolverine
25%
The first Prime Minister Sir John A. Macdonald
20%
Stars of the 'Asses of Fire' Film featured in South Park Terrence and Philip
20%
General on the Western Front during World War One, nicknamed "Guts and Gaiters" Sir Arthur Currie
10%
The Prime Minister during the Second World War William King
5%
No matching quizzes found
Score Distribution
Percent of People with Each Score
Percentile by Number Answered
Your Score History
You have not taken this quiz